000 01031nam a2200301 i 4500
001 66395
003 ES-MaACL
005 20250801063026.0
007 t|
008 040213s2000 ag ||||1| spa d
020 _a950-754-080-6
080 _a235
080 _a273 .1
100 1 _aPedro, Roque de,
_d1935-2019
_eaut
_989915
245 1 0 _aSantos & herejes :
_bdesde el cristianismo primitivo hacia la numerología de la Cábala /
_cRoque de Pedro, Nora Benítez
246 1 _aSantos y herejes :
_bdesde el cristianismo primitivo hacia la numerología de la Cábala
260 _aBuenos Aires :
_bContinente,
_c[2000]
300 _a188 páginas :
_bilustraciones ;
_c23 cm
500 _aÍndice
504 _aBibliografía: páginas 185-187
650 7 _aSantos
_2embne
_916987
650 7 _aHerejías
_2embne
_913321
700 1 _aBenítez, Nora
_eaut
_927613
852 _aES-MaACL
_bR.132416
_cDEPO2
_jL-26804
942 _2udc
_cMONOGRAFIA
_n0
999 _c66395
_d66395